Managing construction projects : (Record no. 532211)

000 -LEADER
fixed length control field 01207cam a2200325 a 4500
001 - CONTROL NUMBER
control field 15714767
003 - CONTROL NUMBER IDENTIFIER
control field OSt
005 - DATE AND TIME OF LATEST TRANSACTION
control field 20191113111738.0
008 - FIXED-LENGTH DATA ELEMENTS--GENERAL INFORMATION
fixed length control field 090427s2010 enka b 001 0 eng
010 ## - LIBRARY OF CONGRESS CONTROL NUMBER
LC control number 2009016226
020 ## - INTERNATIONAL STANDARD BOOK NUMBER
International Standard Book Number 9781405184571 (pbk. : alk. paper)
020 ## - INTERNATIONAL STANDARD BOOK NUMBER
International Standard Book Number 1405184574 (pbk. : alk. paper)
035 ## - SYSTEM CONTROL NUMBER
System control number (OCoLC)ocn319955174
038 ## - RECORD CONTENT LICENSOR
Staff Name MSOHAIL
040 ## - CATALOGING SOURCE
Original cataloging agency DLC
Transcribing agency DLC
Modifying agency C#P
-- YDXCP
-- BWX
-- CDX
-- DLC
050 00 - LIBRARY OF CONGRESS CALL NUMBER
Classification number TH438
Item number .W56 2010
082 00 - DEWEY DECIMAL CLASSIFICATION NUMBER
Classification number 690.068
Edition number 22
100 1# - MAIN ENTRY--PERSONAL NAME
Personal name Winch, Graham.
9 (RLIN) 25584
245 10 - TITLE STATEMENT
Title Managing construction projects :
Remainder of title an information processing approach /
Statement of responsibility, etc. Graham M. Winch.
250 ## - EDITION STATEMENT
Edition statement 2nd ed.
260 ## - PUBLICATION, DISTRIBUTION, ETC.
Place of publication, distribution, etc. Chichester ;
-- Ames, Iowa :
Name of publisher, distributor, etc. Blackwell Pub.,
Date of publication, distribution, etc. 2010.
300 ## - PHYSICAL DESCRIPTION
Extent xviii, 522 p. :
Other physical details ill. ;
Dimensions 25 cm.
504 ## - BIBLIOGRAPHY, ETC. NOTE
Bibliography, etc. note Includes bibliographical references and indexes.
650 #0 - SUBJECT ADDED ENTRY--TOPICAL TERM
Topical term or geographic name entry element Building
General subdivision Superintendence.
9 (RLIN) 19468
650 #0 - SUBJECT ADDED ENTRY--TOPICAL TERM
Topical term or geographic name entry element Building
General subdivision Planning.
9 (RLIN) 25585
650 #0 - SUBJECT ADDED ENTRY--TOPICAL TERM
Topical term or geographic name entry element Communication of technical information.
9 (RLIN) 25586
906 ## - LOCAL DATA ELEMENT F, LDF (RLIN)
a 7
b cbc
c orignew
d 1
e ecip
f 20
g y-gencatlg
942 ## - ADDED ENTRY ELEMENTS (KOHA)
Source of classification or shelving scheme
Koha item type Book
Holdings
Withdrawn status Lost status Source of classification or shelving scheme Damaged status Not for loan Permanent Location Current Location Date acquired Total Checkouts Full call number Barcode Date last seen Price effective from Koha item type
          School of Civil and Environmental Engineering (SCEE) School of Civil and Environmental Engineering (SCEE) 11/13/2019   690.068 NIT-12118 11/13/2019 11/13/2019 Book
© 2023 Central Library, National University of Sciences and Technology. All Rights Reserved.